000 00511cam a2200217ua 4500
001 7178
008 141127n ii |||gr||||Z||||||asm
020 _a9788191069082
040 _cMAIN
041 _aasm
082 _a320
100 _aPal, K.Ch.,
_eAuthor.
245 1 _aRajnoitik tattwa
_cBy Kripesh CH. Pal
250 _a13th.
260 _aGuwahati:
_bArun,
_c2011.
300 _a304p.
653 _aPolitical theory
700 _aNayak, P.Ch.,
_eAuthor.
700 _aPal. N.,
_eAuthor.
942 _cBK
999 _c6304
_d6304